One Direction Songs by Letter - Statistics

General Stats
  • This quiz has been taken 16 times
  • The average score is 14 of 21
Answer Stats
Letter Song % Correct
L Last First Kiss, Love You Goodbye, ...
100%
W Walking in the Wind, Wolves
100%
A Act My Age, Alive, ...
80%
B Back For You, Best Song Ever, ...
80%
D Diana, Drag Me Down, ...
80%
H Half a Heart, Happily, ...
80%
K Kiss You
80%
M Magic, Midnight Memories, ...
80%
O Olivia, Over Again, ...
80%
R Ready to Run, Rock Me, ...
80%
S Something Great, Stockholm Syndrome, ...
80%
T Taken, Tell Me a Lie, ...
80%
Y You & I
80%
I I Want, If I Could Fly, ...
60%
N Na Na Na, Never Enough, ...
60%
C Change My Mind, Clouds, ...
40%
E End of the Day, Everything About You
40%
G Girl Almighty, Gotta Be You, ...
40%
P Perfect
40%
F Fireproof, Fool's Gold
20%
U Up All Night
20%
No matching quizzes found
Score Distribution
Percent of People with Each Score
Percentile by Number Answered
Your Score History
You have not taken this quiz